000 01051nam a22003377a 4500
001 BR0404118
003 BR-BrBNA
005 20230928101709.0
007 ta
008 230509b bl.||||| |||| 00| 0 por d
040 _aBR-BrBNA
_bpor
_cBiblioteca Nacional de Agricultura
041 _a(Por)
072 _aH10
_b4050
090 _ 4050 BR0404118
100 1 _aAcevedo, J.P.M.
110 1 _aUniversidade Federal de Lavras, MG (Brasil)
_0Tese (Mestrado)
245 1 _aIsolamento, identificação, biologia e produção in vivo de nematóides entomopatogênicos (Rhabditida)provenientes de Lavras, MG
260 3 _aLavras, MG (Brasil):
_c2004.
300 _a96 p.
500 _aSummaries (Eng, Por); Several bibliography; 19 tables; 12 illus.
650 _aNEMATÓIDE
650 _aBIOLOGIA
650 _aCRIAÇÃO MASSAL
650 _aIDENTIFICAÇÃO
650 _aCONTROLE INTEGRADO
650 _aISOLAMENTO
650 _aMÉTODO ESTATÍSTICO
650 _aMINAS GERAIS
909 _a202309
_bLucia
_c55
_dLucia Elande
942 _cBK
999 _c67126
_d67126